[Event "Rapid 2018"]
[Site "Saint-Petersburg"]
[Date "2018.12.27"]
[Round "10"]
[Board "99"]
[White "Masrahi Abdulrahman A (KSA)"]
[Black "Alsulaymi Abdullah M (KSA)"]
[Result "1-0"]
[BlackElo "1682"]
[WhiteElo "1878"]
[LiveChessVersion "1.4.8"]

1. d4 {[%clk 0:15:18]} c5 {[%clk 0:15:16]} 2. d5 {[%clk 0:15:24]} Nf6
{[%clk 0:15:14]} 3. Nc3 {[%clk 0:15:32]} d6 {[%clk 0:15:10]} 4. e4
{[%clk 0:15:39]} g6 {[%clk 0:14:57]} 5. Nf3 {[%clk 0:15:45]} Bg7 {[%clk 0:15:04]}
6. Be2 {[%clk 0:15:54]} O-O {[%clk 0:15:11]} 7. O-O {[%clk 0:16:01]} Nbd7
{[%clk 0:15:18]} 8. Bf4 {[%clk 0:16:02]} Nh5 {[%clk 0:15:23]} 9. Be3
{[%clk 0:16:03]} a6 {[%clk 0:14:33]} 10. a4 {[%clk 0:16:11]} Qb6 {[%clk 0:14:35]}
11. Qc1 {[%clk 0:14:41]} Ne5 {[%clk 0:13:01]} 12. Nxe5 {[%clk 0:14:42]} Bxe5
{[%clk 0:13:08]} 13. Bxh5 {[%clk 0:14:40]} gxh5 {[%clk 0:13:16]} 14. f4
{[%clk 0:11:58]} Bf6 {[%clk 0:12:30]} 15. e5 {[%clk 0:09:55]} Bg7
{[%clk 0:10:50]} 16. a5 {[%clk 0:09:25]} Qd8 {[%clk 0:10:32]} 17. Ra4
{[%clk 0:09:06]} Bd7 {[%clk 0:10:09]} 18. Ra3 {[%clk 0:08:32]} Rc8
{[%clk 0:10:08]} 19. Qe1 {[%clk 0:07:29]} dxe5 {[%clk 0:09:20]} 20. fxe5
{[%clk 0:07:36]} Bxe5 {[%clk 0:09:15]} 21. Bh6 {[%clk 0:07:15]} Bd4+
{[%clk 0:08:19]} 22. Kh1 {[%clk 0:07:13]} Re8 {[%clk 0:06:55]} 23. Qg3+
{[%clk 0:06:02]} Kh8 {[%clk 0:07:03]} 24. Rxf7 {[%clk 0:06:08]} Rg8
{[%clk 0:06:51]} 25. Qd3 {[%clk 0:06:02]} Bg7 {[%clk 0:06:25]} 26. Ra1
{[%clk 0:05:09]} Be8 {[%clk 0:06:30]} 27. Bxg7+ {[%clk 0:04:37]} Rxg7
{[%clk 0:06:37]} 28. Rf8+ {[%clk 0:04:42]} Rg8 {[%clk 0:06:33]} 29. Raf1
{[%clk 0:04:14]} Qd6 {[%clk 0:03:46]} 30. Ne4 {[%clk 0:01:00]} Qg6
{[%clk 0:03:54]} 31. Qc3+ {[%clk 0:00:32]} Qg7 {[%clk 0:04:03]} 32. Rxg8+
{[%clk 0:00:11]} Kxg8 {[%clk 0:04:11]} 33. Qxg7+ {[%clk 0:00:19]} Kxg7
{[%clk 0:04:19]} 34. d6 {[%clk 0:00:28]} Bc6 {[%clk 0:03:41]} 35. Nxc5
{[%clk 0:00:12]} exd6 {[%clk 0:03:47]} 36. Ne6+ {[%clk 0:00:18]} Kg8
{[%clk 0:03:32]} 37. h4 {[%clk 0:00:20]} Bd7 {[%clk 0:02:48]} 38. Nd4
{[%clk 0:00:27]} Rc4 {[%clk 0:02:36]} 39. c3 {[%clk 0:00:36]} Ra4
{[%clk 0:02:44]} 40. b4 {[%clk 0:00:28]} Ra3 {[%clk 0:01:37]} 41. Rf3
{[%clk 0:00:27]} Bg4 {[%clk 0:01:39]} 42. Rd3 {[%clk 0:00:18]} Kf7
{[%clk 0:01:40]} 43. Kh2 {[%clk 0:00:26]} Kf6 {[%clk 0:01:13]} 44. Nc2
{[%clk 0:00:25]} Ra2 {[%clk 0:01:00]} 45. Ne3 {[%clk 0:00:29]} Ke5
{[%clk 0:00:59]} 46. Nc4+ {[%clk 0:00:20]} Ke4 {[%clk 0:00:37]} 47. Rd4+
{[%clk 0:00:24]} Kf5 {[%clk 0:00:40]} 48. Nxd6+ {[%clk 0:00:29]} Ke5
{[%clk 0:00:39]} 49. Nc4+ {[%clk 0:00:28]} Kf5 {[%clk 0:00:41]} 50. Kg3
{[%clk 0:00:29]} Be2 {[%clk 0:00:41]} 51. Nd6+ {[%clk 0:00:16]} Ke5
{[%clk 0:00:48]} 52. Nc4+ {[%clk 0:00:22]} Bxc4 {[%clk 0:00:54]} 53. Rxc4
{[%clk 0:00:30]} Kf6 {[%clk 0:00:41]} 54. Rc5 {[%clk 0:00:18]} Kg6
{[%clk 0:00:49]} 55. Rg5+ {[%clk 0:00:21]} Kh6 {[%clk 0:00:51]} 56. Rc5
{[%clk 0:00:30]} Rd2 {[%clk 0:00:42]} 57. Rc7 {[%clk 0:00:37]} Kg6
{[%clk 0:00:40]} 58. Rxb7 {[%clk 0:00:42]} Rd3+ {[%clk 0:00:49]} 59. Kf2
{[%clk 0:00:37]} Rd6 {[%clk 0:00:45]} 60. Rb6 {[%clk 0:00:44]} 1-0

[Event "Rapid 2018"]
[Site "Saint-Petersburg"]
[Date "2018.12.27"]
[Round "10"]
[Board "100"]
[White "Al Turky Fahad A (KSA)"]
[Black "Shubin Kirill (RUS)"]
[Result "0-1"]
[BlackElo "2242"]
[WhiteElo "1815"]
[LiveChessVersion "1.4.8"]

1. e4 {[%clk 0:15:17]} e6 {[%clk 0:15:19]} 2. d4 {[%clk 0:15:26]} d5
{[%clk 0:15:28]} 3. exd5 {[%clk 0:15:33]} exd5 {[%clk 0:15:37]} 4. Nf3
{[%clk 0:15:42]} Nc6 {[%clk 0:15:46]} 5. Bd3 {[%clk 0:15:46]} Nge7
{[%clk 0:15:54]} 6. O-O {[%clk 0:15:53]} Bf5 {[%clk 0:16:03]} 7. Re1
{[%clk 0:15:33]} Bxd3 {[%clk 0:16:01]} 8. Qxd3 {[%clk 0:15:40]} Qd7
{[%clk 0:16:09]} 9. Bf4 {[%clk 0:15:28]} O-O-O {[%clk 0:16:15]} 10. Nbd2
{[%clk 0:13:55]} Ng6 {[%clk 0:16:16]} 11. Bg3 {[%clk 0:14:01]} h5
{[%clk 0:16:11]} 12. h3 {[%clk 0:13:30]} h4 {[%clk 0:16:10]} 13. Bh2
{[%clk 0:13:39]} Rh5 {[%clk 0:15:53]} 14. Ne5 {[%clk 0:12:35]} Ncxe5
{[%clk 0:15:37]} 15. dxe5 {[%clk 0:12:43]} Rf5 {[%clk 0:15:42]} 16. Nf3
{[%clk 0:08:37]} Bc5 {[%clk 0:15:36]} 17. Nd4 {[%clk 0:07:40]} Bxd4
{[%clk 0:15:32]} 18. Qxd4 {[%clk 0:07:48]} Kb8 {[%clk 0:15:10]} 19. Rad1
{[%clk 0:07:54]} Qe6 {[%clk 0:14:55]} 20. c4 {[%clk 0:07:25]} c6 {[%clk 0:14:53]}
21. cxd5 {[%clk 0:06:49]} Rxd5 {[%clk 0:14:58]} 22. Qa4 {[%clk 0:06:11]} Rg5 23.
Rxd5 {[%clk 0:04:49]} cxd5 {[%clk 0:13:36]} 24. Kh1 {[%clk 0:03:27]} Rh5
{[%clk 0:13:28]} 25. Qg4 {[%clk 0:02:29]} Rh7 {[%clk 0:13:01]} 26. Qg5
{[%clk 0:02:19]} Ne7 {[%clk 0:12:47]} 27. Rc1 {[%clk 0:01:54]} g6
{[%clk 0:11:59]} 28. Qf4 {[%clk 0:01:45]} Nf5 {[%clk 0:11:49]} 29. Qg5
{[%clk 0:01:37]} Rh8 {[%clk 0:11:47]} 30. Qd2 {[%clk 0:01:17]} Ne7
{[%clk 0:10:34]} 31. Qa5 {[%clk 0:00:58]} Nc6 {[%clk 0:10:37]} 32. Qc5
{[%clk 0:00:55]} Rd8 {[%clk 0:10:44]} 33. b4 {[%clk 0:00:59]} Rd7
{[%clk 0:09:20]} 34. b5 Ne7 35. a4 {[%clk 0:00:35]} d4 {[%clk 0:09:11]} 36. a5
{[%clk 0:00:30]} d3 {[%clk 0:09:20]} 37. b6 {[%clk 0:00:26]} d2 {[%clk 0:09:19]}
38. bxa7+ {[%clk 0:00:31]} Ka8 {[%clk 0:09:28]} 39. Rd1 {[%clk 0:00:33]} Qb3
{[%clk 0:09:06]} 40. Rxd2 {[%clk 0:00:22]} Rxd2 {[%clk 0:09:06]} 41. Qxe7
{[%clk 0:00:27]} Rd1+ {[%clk 0:07:52]} 42. Bg1 {[%clk 0:00:36]} Qb1
{[%clk 0:07:51]} 43. Qf8+ {[%clk 0:00:33]} Kxa7 {[%clk 0:07:59]} 44. Qc5+
{[%clk 0:00:40]} Ka6 {[%clk 0:07:43]} 45. Qc4+ {[%clk 0:00:15]} Qb5
{[%clk 0:07:48]} 46. Qxf7 {[%clk 0:00:14]} Qf1 {[%clk 0:07:34]} 47. Qe6+
{[%clk 0:00:13]} Kxa5 {[%clk 0:07:35]} 48. Qa2+ {[%clk 0:00:19]} Kb6
{[%clk 0:07:29]} 49. Qe6+ {[%clk 0:00:17]} Ka7 {[%clk 0:07:20]} 50. Qa2+
{[%clk 0:00:25]} Qa6 {[%clk 0:07:19]} 51. Qc2 {[%clk 0:00:25]} Qa1
{[%clk 0:06:33]} 52. Qc5+ {[%clk 0:00:29]} b6 {[%clk 0:06:38]} 53. Qc7+
{[%clk 0:00:33]} Ka6 {[%clk 0:06:42]} 54. Qc8+ {[%clk 0:00:29]} Kb5
{[%clk 0:05:16]} 55. Qe8+ {[%clk 0:00:35]} Kb4 {[%clk 0:05:16]} 56. Qe7+
{[%clk 0:00:28]} Ka5 {[%clk 0:05:11]} 57. Qa7+ {[%clk 0:00:35]} Kb5
{[%clk 0:05:20]} 58. Qxa1 {[%clk 0:00:25]} Rxa1 {[%clk 0:05:26]} 59. Kh2
{[%clk 0:00:13]} Kc6 {[%clk 0:05:34]} 60. f4 {[%clk 0:00:22]} b5 {[%clk 0:05:39]}
61. Be3 {[%clk 0:00:14]} b4 {[%clk 0:05:38]} 62. Bd4 {[%clk 0:00:18]} Rd1
{[%clk 0:05:45]} 63. Bb2 {[%clk 0:00:14]} Kd5 {[%clk 0:05:47]} 64. g3
{[%clk 0:00:11]} Rd2+ {[%clk 0:05:55]} 0-1

[Event "Rapid 2018"]
[Site "Saint-Petersburg"]
[Date "2018.12.27"]
[Round "10"]
[Board "101"]
[White "Khayat Abdullah F (KSA)"]
[Black "Danielyan Vahe (ARM)"]
[Result "0-1"]
[BlackElo "2261"]
[WhiteElo "1819"]
[LiveChessVersion "1.4.8"]

1. d4 {[%clk 0:15:18]} Nf6 {[%clk 0:15:20]} 2. g3 {[%clk 0:15:24]} c5
{[%clk 0:15:28]} 3. c3 {[%clk 0:15:32]} g6 {[%clk 0:15:35]} 4. Bg2
{[%clk 0:15:41]} Bg7 {[%clk 0:15:44]} 5. e4 {[%clk 0:15:43]} O-O {[%clk 0:15:49]}
6. e5 {[%clk 0:15:47]} Ne8 {[%clk 0:15:57]} 7. f4 {[%clk 0:15:51]} cxd4
{[%clk 0:16:01]} 8. cxd4 {[%clk 0:16:00]} d6 {[%clk 0:16:10]} 9. Nf3
{[%clk 0:15:38]} dxe5 {[%clk 0:16:15]} 10. fxe5 {[%clk 0:15:31]} Nc6
{[%clk 0:16:24]} 11. O-O {[%clk 0:15:36]} Nc7 {[%clk 0:16:32]} 12. Nc3
{[%clk 0:15:13]} Bg4 {[%clk 0:16:39]} 13. Be3 {[%clk 0:14:02]} Qd7
{[%clk 0:16:47]} 14. Qc2 {[%clk 0:12:10]} Bxf3 {[%clk 0:16:46]} 15. Bxf3
{[%clk 0:12:03]} Nxd4 {[%clk 0:16:55]} 16. Bxd4 {[%clk 0:12:10]} Qxd4+
{[%clk 0:17:04]} 17. Kh1 {[%clk 0:12:13]} Qxe5 {[%clk 0:16:48]} 18. Bxb7
{[%clk 0:12:13]} Rab8 {[%clk 0:16:57]} 19. Bg2 {[%clk 0:12:17]} Qa5
{[%clk 0:16:48]} 20. Rae1 {[%clk 0:11:35]} Rxb2 {[%clk 0:16:39]} 21. Qxb2
{[%clk 0:11:05]} Bxc3 {[%clk 0:16:48]} 22. Qe2 {[%clk 0:10:48]} Bxe1
{[%clk 0:16:55]} 23. Rxe1 {[%clk 0:10:55]} Ne6 {[%clk 0:17:02]} 24. Rd1
{[%clk 0:10:46]} Rd8 {[%clk 0:17:10]} 25. Rf1 {[%clk 0:10:12]} Qd2
{[%clk 0:16:35]} 26. Qf3 {[%clk 0:09:24]} Rf8 {[%clk 0:16:19]} 27. Qb3
{[%clk 0:08:34]} Nc5 {[%clk 0:16:12]} 28. Qa3 {[%clk 0:08:01]} Nd3
{[%clk 0:16:06]} 29. Qxa7 {[%clk 0:07:44]} e5 {[%clk 0:15:18]} 30. a4
{[%clk 0:06:36]} Qe2 {[%clk 0:14:53]} 31. Kg1 {[%clk 0:04:18]} e4
{[%clk 0:14:54]} 32. a5 {[%clk 0:00:24]} e3 {[%clk 0:15:01]} 33. Qd4
{[%clk 0:00:14]} Qd2 {[%clk 0:14:51]} 34. Be4 {[%clk 0:00:13]} e2
{[%clk 0:14:52]} 35. Qxd3 {[%clk 0:00:15]} exf1=Q+ {[%clk 0:14:46]} 36. Kxf1
{[%clk 0:00:23]} Qxa5 {[%clk 0:14:42]} 37. Kg2 {[%clk 0:00:16]} Rd8
{[%clk 0:14:41]} 38. Qb1 {[%clk 0:00:17]} Rd2+ {[%clk 0:14:46]} 39. Kg1
{[%clk 0:00:12]} Qa7+ {[%clk 0:14:45]} 40. Kh1 {[%clk 0:00:18]} Rd8
{[%clk 0:14:41]} 41. Bg2 Qd4 {[%clk 0:14:44]} 42. h4 {[%clk 0:00:12]} Qd1+
{[%clk 0:14:51]} 43. Qxd1 {[%clk 0:00:21]} Rxd1+ {[%clk 0:15:00]} 44. Kh2
{[%clk 0:00:29]} Kg7 {[%clk 0:15:09]} 45. Kh3 {[%clk 0:00:37]} f5
{[%clk 0:15:17]} 46. Bf3 {[%clk 0:00:44]} Rd2 {[%clk 0:15:26]} 47. Bb7
{[%clk 0:00:50]} Kf6 {[%clk 0:15:35]} 48. Bc6 {[%clk 0:00:55]} h6
{[%clk 0:15:44]} 49. Ba8 {[%clk 0:01:02]} Ke5 {[%clk 0:15:52]} 50. Bb7
{[%clk 0:01:09]} Rb2 {[%clk 0:16:01]} 51. Ba8 {[%clk 0:01:17]} Rb3
{[%clk 0:16:09]} 52. Kg2 {[%clk 0:01:25]} f4 {[%clk 0:16:17]} 53. gxf4+
{[%clk 0:01:30]} Kxf4 {[%clk 0:16:26]} 54. Bd5 {[%clk 0:01:32]} Ra3
{[%clk 0:16:32]} 55. Bf7 {[%clk 0:01:39]} Rc3 {[%clk 0:16:31]} 56. Kf2
{[%clk 0:01:25]} Rc6 {[%clk 0:16:39]} 57. Kg2 {[%clk 0:01:24]} Kg4
{[%clk 0:16:47]} 58. Be8 {[%clk 0:01:29]} Rd6 {[%clk 0:16:49]} 59. Bb5
{[%clk 0:00:37]} Kxh4 {[%clk 0:16:56]} 60. Kf2 {[%clk 0:00:45]} g5
{[%clk 0:17:05]} 61. Kg2 g4 62. Kh2 {[%clk 0:00:58]} Rd2+ {[%clk 0:17:24]} 63.
Kg1 Kg3 64. Kf1 {[%clk 0:01:14]} h5 {[%clk 0:17:42]} 65. Ke1 {[%clk 0:01:23]} Rb2
{[%clk 0:17:52]} 66. Bc6 {[%clk 0:01:30]} h4 {[%clk 0:18:01]} 67. Kd1
{[%clk 0:01:39]} h3 {[%clk 0:18:10]} 68. Kc1 {[%clk 0:01:47]} Rg2
{[%clk 0:18:20]} 69. Kd1 {[%clk 0:01:55]} h2 {[%clk 0:18:28]} 70. Bxg2
{[%clk 0:01:58]} Kxg2 {[%clk 0:18:37]} 0-1

[Event "Rapid 2018"]
[Site "Saint-Petersburg"]
[Date "2018.12.28"]
[Round "11"]
[Board "3"]
[White "Nepomniachtchi Ian (RUS)"]
[Black "Yu Yangyi (CHN)"]
[Result "0-1"]
[BlackElo "2758"]
[WhiteElo "2771"]
[LiveChessVersion "1.4.8"]

1. Nf3 {[%clk 0:15:15]} d5 {[%clk 0:15:17]} 2. e3 {[%clk 0:15:23]} Nf6
{[%clk 0:15:24]} 3. c4 {[%clk 0:15:31]} e6 {[%clk 0:15:32]} 4. Nc3
{[%clk 0:15:39]} Be7 {[%clk 0:15:35]} 5. b3 {[%clk 0:15:47]} O-O {[%clk 0:15:42]}
6. Bb2 {[%clk 0:15:55]} dxc4 {[%clk 0:15:38]} 7. Bxc4 {[%clk 0:15:43]} c5
{[%clk 0:15:34]} 8. h4 {[%clk 0:15:33]} a6 {[%clk 0:15:20]} 9. Qb1
{[%clk 0:15:23]} b5 {[%clk 0:14:05]} 10. Be2 {[%clk 0:14:20]} Bb7
{[%clk 0:14:00]} 11. Ng5 {[%clk 0:13:44]} Nbd7 {[%clk 0:13:19]} 12. Bf3
{[%clk 0:13:51]} Bxf3 {[%clk 0:11:47]} 13. Nxf3 {[%clk 0:13:55]} Rc8
{[%clk 0:11:06]} 14. Ne2 {[%clk 0:13:14]} c4 {[%clk 0:10:26]} 15. O-O
{[%clk 0:12:24]} Nc5 {[%clk 0:10:15]} 16. bxc4 {[%clk 0:12:30]} bxc4
{[%clk 0:10:10]} 17. Bd4 {[%clk 0:12:17]} Nfe4 {[%clk 0:09:38]} 18. h5
{[%clk 0:12:13]} h6 {[%clk 0:08:58]} 19. Qc2 {[%clk 0:11:42]} Nd3
{[%clk 0:08:30]} 20. Qa4 {[%clk 0:11:20]} Qd5 {[%clk 0:08:22]} 21. Rab1
{[%clk 0:11:01]} Qxh5 {[%clk 0:08:10]} 22. Qxa6 {[%clk 0:11:09]} Nxd2
{[%clk 0:07:42]} 23. Nxd2 {[%clk 0:10:07]} Qxe2 {[%clk 0:07:50]} 24. Nxc4
{[%clk 0:09:39]} Nxf2 {[%clk 0:06:59]} 25. Rb7 {[%clk 0:08:57]} Bh4
{[%clk 0:05:55]} 26. Rxf7 {[%clk 0:09:05]} Rxf7 {[%clk 0:05:27]} 27. Qxc8+
{[%clk 0:09:13]} Kh7 {[%clk 0:05:37]} 28. Qxe6 {[%clk 0:08:22]} Nh3+
{[%clk 0:05:31]} 29. Kh2 {[%clk 0:08:31]} Qxf1 {[%clk 0:05:29]} 30. Qe4+
{[%clk 0:08:13]} Kg8 {[%clk 0:04:49]} 31. Qe8+ {[%clk 0:08:05]} Kh7
{[%clk 0:04:54]} 32. Qe4+ {[%clk 0:08:14]} Kg8 {[%clk 0:04:17]} 33. Qe8+
{[%clk 0:08:22]} Rf8 {[%clk 0:04:22]} 34. Qe6+ {[%clk 0:08:15]} Qf7
{[%clk 0:04:27]} 35. Qxf7+ {[%clk 0:08:14]} Kxf7 {[%clk 0:04:29]} 36. Kxh3
{[%clk 0:08:18]} Bf6 {[%clk 0:04:38]} 37. Bc5 {[%clk 0:05:55]} Ra8
{[%clk 0:04:44]} 38. a3 {[%clk 0:06:04]} Ke6 {[%clk 0:04:45]} 39. Bb4
{[%clk 0:05:22]} Be7 {[%clk 0:04:33]} 40. Bxe7 {[%clk 0:04:59]} Kxe7
{[%clk 0:04:42]} 41. Kg3 {[%clk 0:05:08]} Ra4 {[%clk 0:04:38]} 42. Nd2
{[%clk 0:05:16]} Rxa3 {[%clk 0:04:44]} 43. Kf3 {[%clk 0:05:25]} Ke6
{[%clk 0:04:46]} 44. Ne4 {[%clk 0:05:29]} Ke5 {[%clk 0:04:14]} 45. g4
{[%clk 0:05:37]} Ra8 {[%clk 0:04:16]} 46. Nf2 {[%clk 0:05:45]} Rf8+
{[%clk 0:04:16]} 47. Kg3 {[%clk 0:05:54]} Kd5 {[%clk 0:04:19]} 48. Kg2
{[%clk 0:06:02]} Kc4 {[%clk 0:04:23]} 49. Kg3 {[%clk 0:06:08]} Kc3
{[%clk 0:04:22]} 50. g5 {[%clk 0:05:45]} hxg5 {[%clk 0:03:59]} 51. Ne4+
{[%clk 0:05:09]} Kd3 {[%clk 0:04:06]} 52. Nc5+ {[%clk 0:05:12]} Kxe3
{[%clk 0:04:01]} 53. Ne6 {[%clk 0:05:21]} Rf1 {[%clk 0:03:23]} 54. Kg2
{[%clk 0:05:09]} Re1 {[%clk 0:02:50]} 55. Nxg7 {[%clk 0:05:07]} Kf4
{[%clk 0:02:53]} 56. Nh5+ {[%clk 0:05:16]} Kg4 {[%clk 0:02:58]} 57. Nf6+
{[%clk 0:05:25]} Kh4 {[%clk 0:03:05]} 58. Nd5 {[%clk 0:05:31]} Re2+
{[%clk 0:02:57]} 59. Kf3 {[%clk 0:05:33]} Re5 {[%clk 0:03:05]} 0-1

[Event "Rapid 2018"]
[Site "Saint-Petersburg"]
[Date "2018.12.28"]
[Round "11"]
[Board "5"]
[White "Oparin Grigoriy (RUS)"]
[Black "Korobov Anton (UKR)"]
[Result "0-1"]
[LiveChessVersion "1.4.8"]
[BlackElo "2740"]
[WhiteElo "2701"]

1. Nf3 {[%clk 0:15:17]} d5 {[%clk 0:15:06]} 2. g3 {[%clk 0:15:26]} g6
{[%clk 0:15:11]} 3. c4 {[%clk 0:15:34]} d4 {[%clk 0:15:14]} 4. b4
{[%clk 0:15:33]} Bg7 {[%clk 0:15:20]} 5. d3 {[%clk 0:15:41]} e5 {[%clk 0:15:23]}
6. Bg2 {[%clk 0:15:49]} Ne7 {[%clk 0:15:30]} 7. O-O {[%clk 0:15:56]} O-O
{[%clk 0:15:37]} 8. a4 {[%clk 0:15:50]} a5 {[%clk 0:15:38]} 9. b5
{[%clk 0:15:57]} c5 {[%clk 0:15:46]} 10. Ra2 {[%clk 0:15:43]} Nd7
{[%clk 0:14:45]} 11. e3 {[%clk 0:15:23]} dxe3 {[%clk 0:14:16]} 12. fxe3
{[%clk 0:15:31]} e4 {[%clk 0:13:24]} 13. dxe4 {[%clk 0:15:38]} Ne5
{[%clk 0:13:23]} 14. Nxe5 {[%clk 0:14:28]} Bxe5 {[%clk 0:13:30]} 15. Bb2
{[%clk 0:13:52]} Bxb2 {[%clk 0:13:16]} 16. Rxb2 {[%clk 0:14:00]} Be6
{[%clk 0:13:25]} 17. Qb3 {[%clk 0:10:28]} Qc7 {[%clk 0:13:11]} 18. Qc3
{[%clk 0:10:36]} Nc8 {[%clk 0:11:26]} 19. Nd2 {[%clk 0:10:25]} Nb6
{[%clk 0:11:34]} 20. Ra2 {[%clk 0:10:03]} Rfd8 {[%clk 0:11:22]} 21. e5
{[%clk 0:09:29]} h5 {[%clk 0:07:43]} 22. Raa1 {[%clk 0:08:04]} Rab8
{[%clk 0:04:58]} 23. Rf2 {[%clk 0:05:34]} Kg7 {[%clk 0:04:07]} 24. Ne4
{[%clk 0:03:40]} Nd7 {[%clk 0:02:47]} 25. Nd6 {[%clk 0:03:20]} Kg8
{[%clk 0:02:54]} 26. Rd1 {[%clk 0:03:04]} b6 {[%clk 0:02:42]} 27. Rdd2
{[%clk 0:02:36]} Nf8 {[%clk 0:02:40]} 28. Bd5 {[%clk 0:02:33]} Rd7
{[%clk 0:02:35]} 29. Ne4 {[%clk 0:02:17]} Re7 {[%clk 0:02:23]} 30. Nf6+
{[%clk 0:01:47]} Kg7 {[%clk 0:02:32]} 31. e4 {[%clk 0:01:53]} Rd8
{[%clk 0:02:33]} 32. Rfe2 {[%clk 0:01:18]} Nd7 {[%clk 0:02:18]} 33. Bxe6
{[%clk 0:00:56]} Rxe6 {[%clk 0:02:26]} 34. Nxd7 {[%clk 0:00:26]} Rxd7
{[%clk 0:02:34]} 35. Rxd7 {[%clk 0:00:31]} Qxd7 {[%clk 0:02:43]} 36. Rd2
{[%clk 0:00:40]} Qe7 {[%clk 0:02:40]} 37. Rd5 {[%clk 0:00:49]} h4
{[%clk 0:02:21]} 38. Kg2 {[%clk 0:00:57]} Qg5 {[%clk 0:02:30]} 39. Kh3
{[%clk 0:00:22]} hxg3 {[%clk 0:02:30]} 40. hxg3 {[%clk 0:00:30]} Qh5+
{[%clk 0:02:36]} 41. Kg2 {[%clk 0:00:38]} Qe2+ {[%clk 0:02:45]} 42. Kg1
{[%clk 0:00:42]} Qxe4 {[%clk 0:02:52]} 43. Kf2 {[%clk 0:00:49]} g5
{[%clk 0:02:36]} 44. Qe3 {[%clk 0:00:12]} Qf5+ {[%clk 0:02:36]} 45. Qf3
{[%clk 0:00:14]} Qc2+ {[%clk 0:02:10]} 46. Qe2 {[%clk 0:00:23]} Qh7
{[%clk 0:02:07]} 47. Qe3 {[%clk 0:00:18]} Qg6 {[%clk 0:01:41]} 48. g4
{[%clk 0:00:20]} Qc2+ {[%clk 0:01:11]} 49. Qe2 {[%clk 0:00:23]} Qxa4
{[%clk 0:01:16]} 50. Rd6 {[%clk 0:00:22]} Qa1 {[%clk 0:01:13]} 51. Rxe6
{[%clk 0:00:21]} fxe6 {[%clk 0:01:22]} 52. Qe3 {[%clk 0:00:26]} Qb2+
{[%clk 0:01:23]} 53. Kg1 {[%clk 0:00:22]} Qb1+ {[%clk 0:01:22]} 54. Kg2
{[%clk 0:00:26]} Kg6 {[%clk 0:01:25]} 55. Qf3 {[%clk 0:00:12]} Qb2+
{[%clk 0:01:29]} 56. Kh3 {[%clk 0:00:17]} Qxe5 {[%clk 0:01:31]} 57. Qc6
{[%clk 0:00:19]} a4 {[%clk 0:01:18]} 58. Qe8+ {[%clk 0:00:22]} Kh6
{[%clk 0:01:24]} 59. Qf8+ {[%clk 0:00:13]} Qg7 {[%clk 0:01:33]} 60. Qd6
{[%clk 0:00:16]} Qf6 {[%clk 0:01:28]} 61. Qxb6 {[%clk 0:00:19]} a3
{[%clk 0:01:36]} 62. Qa6 {[%clk 0:00:19]} Qf3+ {[%clk 0:01:34]} 63. Kh2
{[%clk 0:00:28]} Qe2+ {[%clk 0:01:36]} 64. Kh3 {[%clk 0:00:36]} a2
{[%clk 0:01:42]} 65. Qa8 {[%clk 0:00:17]} Qf1+ {[%clk 0:01:43]} 0-1

[Event "Rapid 2018"]
[Site "Saint-Petersburg"]
[Date "2018.12.28"]
[Round "11"]
[Board "11"]
[White "Karjakin Sergey (RUS)"]
[Black "Zubov Alexander (UKR)"]
[Result "1/2-1/2"]
[LiveChessVersion "1.4.8"]
[BlackElo "2681"]
[WhiteElo "2774"]

1. e4 {[%clk 0:14:40]} Nc6 {[%clk 0:15:18]} 2. d4 {[%clk 0:14:44]} e5
{[%clk 0:15:24]} 3. dxe5 {[%clk 0:14:52]} Nxe5 {[%clk 0:15:33]} 4. Nc3
{[%clk 0:15:00]} Nc6 {[%clk 0:13:00]} 5. Bc4 {[%clk 0:13:16]} Bb4
{[%clk 0:11:04]} 6. Nge2 {[%clk 0:13:15]} d6 {[%clk 0:10:19]} 7. O-O
{[%clk 0:13:12]} Nge7 {[%clk 0:08:57]} 8. Bg5 {[%clk 0:12:58]} h6
{[%clk 0:08:44]} 9. Bh4 {[%clk 0:10:57]} Bc5 {[%clk 0:04:42]} 10. Na4
{[%clk 0:09:49]} Bb6 {[%clk 0:04:34]} 11. Nxb6 {[%clk 0:09:54]} axb6
{[%clk 0:04:43]} 12. f4 {[%clk 0:09:55]} Be6 {[%clk 0:04:11]} 13. Bb5
{[%clk 0:09:21]} f6 {[%clk 0:03:49]} 14. Nd4 {[%clk 0:08:30]} Qd7
{[%clk 0:03:00]} 15. Nxe6 {[%clk 0:03:56]} Qxe6 {[%clk 0:03:08]} 16. Qh5+
{[%clk 0:04:05]} g6 {[%clk 0:02:31]} 17. Qe2 {[%clk 0:02:56]} O-O-O
{[%clk 0:01:02]} 18. Rad1 {[%clk 0:03:05]} g5 {[%clk 0:01:05]} 19. Bg3
{[%clk 0:03:10]} Kb8 {[%clk 0:01:01]} 20. Bc4 {[%clk 0:03:01]} Qc8
{[%clk 0:00:56]} 21. fxg5 {[%clk 0:02:52]} fxg5 {[%clk 0:01:02]} 22. Rf6
{[%clk 0:03:00]} Rdf8 {[%clk 0:01:03]} 23. Rdf1 {[%clk 0:02:56]} Rxf6
{[%clk 0:01:09]} 24. Rxf6 {[%clk 0:03:05]} h5 {[%clk 0:01:17]} 25. h3
{[%clk 0:02:36]} Ne5 {[%clk 0:01:10]} 26. Bxe5 {[%clk 0:02:30]} dxe5
{[%clk 0:01:19]} 27. Qd2 {[%clk 0:02:18]} g4 {[%clk 0:01:23]} 28. Be6
{[%clk 0:01:44]} Qe8 {[%clk 0:01:30]} 29. hxg4 {[%clk 0:00:51]} hxg4
{[%clk 0:01:36]} 30. Bxg4 {[%clk 0:00:59]} Qa4 {[%clk 0:01:20]} 31. Rh6
{[%clk 0:00:43]} Rf8 {[%clk 0:00:51]} 32. Bf3 {[%clk 0:00:29]} Nc6
{[%clk 0:00:41]} 33. c3 {[%clk 0:00:23]} Rd8 {[%clk 0:00:34]} 34. Qf2
{[%clk 0:00:15]} Qxa2 {[%clk 0:00:42]} 35. Kh2 {[%clk 0:00:23]} Rf8
{[%clk 0:00:45]} 36. Qd2 {[%clk 0:00:29]} Rd8 {[%clk 0:00:53]} 37. Qf2
{[%clk 0:00:36]} Rf8 {[%clk 0:00:57]} 38. Rh5 {[%clk 0:00:28]} Qb1
{[%clk 0:00:55]} 39. Qd2 {[%clk 0:00:23]} Rd8 {[%clk 0:00:58]} 40. Qf2
{[%clk 0:00:27]} Qc1 {[%clk 0:01:07]} 41. Bg4 {[%clk 0:00:33]} Qb1
{[%clk 0:00:49]} 42. Qe2 {[%clk 0:00:23]} Qc1 {[%clk 0:00:56]} 43. Qf2
{[%clk 0:00:30]} Qb1 {[%clk 0:01:04]} 44. Qe2 {[%clk 0:00:17]} Qc1
{[%clk 0:01:11]} 1/2-1/2